| 000 | 01032nam a2200289 a 4500 | ||
|---|---|---|---|
| 001 | 000026720 | ||
| 003 | DO-SdBPM | ||
| 005 | 20260423120916.0 | ||
| 007 | ta | ||
| 008 | 110324s2004 dr 000 0 spa d | ||
| 040 |
_aDO-SdBPM _bspa _cBPMSU _drda |
||
| 082 | 0 | 4 |
_a346.7293082 _bC389d 2004 _222 |
| 100 | 1 |
_aCedeño J. , Víctor Livio _d1942-2023 _eautor _4aut. |
|
| 245 | 1 | 0 |
_a Derecho bancario dominicano / _cVíctor Livio Cedeños J. |
| 264 |
_aSanto Domingo : _bEditora Centenario, _c2004 |
||
| 300 |
_av. ; _c23 cm. |
||
| 336 |
_atexto _btxt _2rdacontent |
||
| 337 |
_asin mediación _bn _2rdamedia |
||
| 338 |
_avolumen _bnc _2rdacarrier |
||
| 504 | _a | ||
| 505 | 0 | _av. 1 : Puesto al día a la luz del código monetario y financiero, y enriquecido con las jurisprudencias francesa y dominicana, | |
| 590 | _aInventariado, 2026/ VM | ||
| 650 | 7 |
_aBancos comerciales _zRepública Dominicana |
|
| 650 | 7 |
_aDerecho bancario _zRepública Dominicana |
|
| 910 | _aVMateo V. Control de calidad. BPMSU | ||
| 942 |
_2ddc _cBK |
||
| 999 |
_c15788 _d15788 |
||